00513nam a2200181 a 4500001001300000003000900013005001700022008004100039020002300080082001300103100002400116245007700140260002500217300000900242500003500251505003200286650001300318nice12345678IN_TiNIC20260116015403.0150305s2010 dela grp 000 0 eng  a9788184650730c20000a266bMEL aMelanchthon, Monica aMission and Ministry Vb Women in the Bible and in Theological Education aDelhi bISPCK c2010 a160  aincludes index and biblioraphy2 aCurriculum Vitae of Authors aMissions